Tribhuvan University Central Library

डिजिटल साक्षरता. (Record no. 108507)

MARC details
000 -LEADER
fixed length control field 00905nam a22002297a 4500
008 - FIXED-LENGTH DATA ELEMENTS--GENERAL INFORMATION
fixed length control field 230322b |||||||| |||| 00| 0 eng d
020 ## - INTERNATIONAL STANDARD BOOK NUMBER
International Standard Book Number 9789937124027
041 ## - LANGUAGE CODE
Language code of text/sound track or separate title Nep.
082 ## - DEWEY DECIMAL CLASSIFICATION NUMBER
Classification number N025.042/B659d
100 ## - MAIN ENTRY--PERSONAL NAME
Personal name बराल, रविराज
245 ## - TITLE STATEMENT
Title डिजिटल साक्षरता.
260 ## - PUBLICATION, DISTRIBUTION, ETC.
Place of publication, distribution, etc. s.l.:
Name of publisher, distributor, etc. आन्तरिक मामिला तथा कानुन मन्त्रालय,
Date of publication, distribution, etc. २०७९ वि.
300 ## - PHYSICAL DESCRIPTION
Other physical details १३०पृ.
504 ## - BIBLIOGRAPHY, ETC. NOTE
Bibliography, etc. note सन्दर्भग्रन्थसुची संलग्न
650 ## - SUBJECT ADDED ENTRY--TOPICAL TERM
Topical term or geographic name entry element कम्प्युटर साक्षरता
650 ## - SUBJECT ADDED ENTRY--TOPICAL TERM
Topical term or geographic name entry element सामाजिक सञ्जाल
650 ## - SUBJECT ADDED ENTRY--TOPICAL TERM
Topical term or geographic name entry element इन्टरनेट
650 ## - SUBJECT ADDED ENTRY--TOPICAL TERM
Topical term or geographic name entry element अल्गोरिदम
700 ## - ADDED ENTRY--PERSONAL NAME
Personal name पोखरेल, प्रमोद
700 ## - ADDED ENTRY--PERSONAL NAME
Personal name पौडेल,अजयमणि
942 ## - ADDED ENTRY ELEMENTS (KOHA)
Source of classification or shelving scheme Dewey Decimal Classification
Koha item type General Collections
Holdings
Withdrawn status Lost status Source of classification or shelving scheme Damaged status Not for loan Home library Current library Shelving location Date acquired Total Checkouts Full call number Barcode Date last seen Price effective from Koha item type Total Renewals Date last checked out
    Dewey Decimal Classification     Tribhuvan University Central Library Tribhuvan University Central Library New Building 03/22/2023   N025.042/B659d G88638 03/22/2023 03/22/2023 General Collections    
    Dewey Decimal Classification     Tribhuvan University Central Library Tribhuvan University Central Library New Building 03/22/2023 1 N025.042/B659d G88639 09/01/2024 03/22/2023 General Collections 1 07/19/2024
    Dewey Decimal Classification     Tribhuvan University Central Library Tribhuvan University Central Library New Building 03/22/2023   N025.042/B659d G88640 03/22/2023 03/22/2023 General Collections    
    Dewey Decimal Classification     Tribhuvan University Central Library Tribhuvan University Central Library New Building 03/22/2023   N025.042/B659d G88641 03/22/2023 03/22/2023 General Collections    
    Dewey Decimal Classification     Tribhuvan University Central Library Tribhuvan University Central Library New Building 03/22/2023   N025.042/B659d G88642 03/22/2023 03/22/2023 General Collections    
    Dewey Decimal Classification     Tribhuvan University Central Library Tribhuvan University Central Library   10/24/2024   N025.042/B659d IS29530 10/24/2024 10/24/2024 ISBN    
    Dewey Decimal Classification     Tribhuvan University Central Library Tribhuvan University Central Library   10/24/2024   N025.042/B659d IS29531 10/24/2024 10/24/2024 ISBN